| 000 | 00739nam a2200217 a 4500 | ||
|---|---|---|---|
| 999 |
_c5013 _d5013 |
||
| 001 | 5013 | ||
| 003 | BD-JhCC | ||
| 005 | 20171206195248.0 | ||
| 008 | 171206s1369 bg ||||| |||| 00| 0 ben d | ||
| 035 | _a(BD-JhCC)5013 | ||
| 040 |
_aBD-JhCC _dBD-JhCC |
||
| 041 | _aben | ||
| 082 |
_a782.6 _bRAH 1369 |
||
| 100 | _aরহমান, অধ্যাপক হাসান হাফিজুর | ||
| 245 |
_aউত্তর বঙ্গের মেয়েলী গীত / _cঅধ্যাপক হাসান হাফিজুর রহমান |
||
| 260 |
_aঢাকা : _bবাংলা একাডেমী, _c1369. |
||
| 300 |
_a200 p. : _c24 cm. |
||
| 650 |
_aFolk music _zBangladesh |
||
| 942 |
_2ddc _cBK |
||